Statistics for Going Around the Mediterranean - Cities

Click here to take the quiz!

General Stats

  • This quiz has been taken 26 times
    (24 since last reset)
  • The average score is 16 of 22

Answer Stats

Cities% Correct
EuropeBarcelona
95%
EuropeMarseille
95%
EuropeMálaga
91%
EuropeNaples
91%
EuropeRome
91%
EuropeValencia
91%
EuropeAthens
86%
AsiaBeirut
82%
AsiaIzmir
82%
AfricaAlgiers
77%
EuropeGenoa
77%
EuropeThessaloniki
77%
AfricaTunis
77%
AfricaAlexandria
68%
AfricaTripoli
68%
AsiaAntalya
64%
AfricaBenghazi
64%
AfricaOran
55%
AfricaTangier
50%
AfricaPort Said
45%
AsiaGaza City
36%
AsiaMersin
32%

Score Distribution

Percentile by Number Answered

Percent of People with Each Score

Your Score History

You have not taken this quiz since the last reset